000 00366nam a2200157Ia 4500
003 Ost
005 20260225132557.0
008 260225s9999||||xx |||||||||||||| ||und||
040 _cfsic
041 _afre
082 _a302.23
100 _aMucchielli Alex
_eAuteur
245 0 _aApproche par la contextualisation /
245 0 _cMucchielli Alex
942 _cكتاب
999 _c34538
_d34538